[Event "PRO League Group Stage"]
[Site "chess.com INT"]
[Date "2020.01.08"]
[Round "1"]
[White "Adhiban, Baskaran"]
[Black "Plenca, Jadranko"]
[Result "1/2-1/2"]
[WhiteTitle "GM"]
[BlackTitle "IM"]
[WhiteElo "2654"]
[BlackElo "2463"]
[WhiteTeam "India Yogis"]
[BlackTeam "Croatia Bulldogs"]
[WhiteFideId "5018471"]
[BlackFideId "14527146"]
[EventDate "2020.01.06"]

1. Nf3 d5 2. e3 Nf6 3. c4 e6 4. b3 b6 5. Bb2 Bb7 6. Nc3 Nbd7 7. Rc1 a6 8. cxd5
exd5 9. d4 Bd6 10. Bd3 O-O 11. O-O Re8 12. Qc2 Ne4 13. Ne2 Qf6 14. Ne5 Qh6 15.
Ng3 Nxg3 16. hxg3 Nf6 17. Bf5 g6 18. Ng4 Nxg4 19. Bxg4 Qg5 20. Bf3 h5 21. Rfe1
Re7 22. Rcd1 Rae8 23. Qc1 Bb4 24. Bc3 Bd6 25. Bb2 Bb4 26. Re2 Qf6 27. Rc2 c6 28.
e4 dxe4 29. d5 Qf5 30. dxc6 Bxc6 31. Rxc6 exf3 32. Qh6 Re5 33. Bxe5 Qxe5 34.
gxf3 Bc5 35. Kg2 Bxf2 36. Rxg6+ fxg6 37. Qxg6+ Kf8 38. Qh6+ Kg8 39. Qg6+ Kf8 40.
Rd7 Qxg3+ 41. Qxg3 Bxg3 42. Kxg3 Re2 43. Rd6 Rxa2 44. Rxb6 Kf7 45. b4 Ra3 46.
Kf4 h4 47. Kg4 h3 48. Kxh3 Rxf3+ 49. Kg4 Rf6 50. Rxf6+ Kxf6 51. Kf4 Ke6 52. Ke4
Kd6 53. Kd4 1/2-1/2

[Event "PRO League Group Stage"]
[Site "chess.com INT"]
[Date "2020.01.08"]
[Round "1"]
[White "Sethuraman, S.P."]
[Black "Tica, Sven"]
[Result "1/2-1/2"]
[WhiteTitle "GM"]
[BlackTitle "IM"]
[WhiteElo "2638"]
[BlackElo "2398"]
[WhiteTeam "India Yogis"]
[BlackTeam "Croatia Bulldogs"]
[WhiteFideId "5021596"]
[BlackFideId "14526948"]
[EventDate "2020.01.06"]

1. d4 d5 2. c4 e6 3. Nc3 Nf6 4. cxd5 exd5 5. Bg5 c6 6. e3 Be6 7. Bd3 Nbd7 8.
Nge2 h6 9. Bh4 g5 10. Bg3 Nh5 11. Qc2 Nxg3 12. hxg3 Bd6 13. O-O-O Qf6 14. f3 Nb6
15. g4 O-O-O 16. Kb1 Kb8 17. Rde1 Rde8 18. Nc1 Bd7 19. Nb3 Re7 20. e4 Bb4 21. e5
Qg7 22. a3 Bxc3 23. Qxc3 Rhe8 24. Nc5 f6 25. exf6 Qxf6 26. Re5 Bc8 27. Rxe7 Rxe7
28. Qb4 Ka8 29. a4 Nd7 30. Nxd7 Bxd7 31. Rxh6 c5 32. Rxf6 cxb4 33. Rf8+ Re8 34.
Rxe8+ Bxe8 35. b3 Kb8 36. Kc2 Kc7 37. Kd2 Kd6 38. Ke3 Ke7 39. Bf5 Kf6 40. g3 a5
41. Bd3 Bd7 42. Kd2 Be8 43. Be2 Bd7 44. f4 Be8 45. Bf3 Bf7 46. Ke3 Be6 47. Be2
Bf7 48. Bb5 Be6 49. Kf3 Bg8 50. Ke3 Be6 51. Kf3 Bg8 52. Bd7 Bf7 53. Ke3 Bg8 54.
Bc8 b6 55. Bd7 Bf7 56. Kf3 Bg8 57. Bf5 Bf7 58. Ke3 Bg8 59. Bd3 Bf7 60. Be2 Be6
61. Bf3 Bf7 62. Kd2 Be6 63. Kd3 Bf7 64. Ke3 Be6 65. Be2 Bf7 66. Bd3 Be6 67. Kf3
Bf7 68. Bb5 Be6 69. f5 Bf7 70. Bc6 Bg8 71. Ke3 Bf7 72. Kd3 Bg8 73. Ke3 Bf7 1/2-1/2

[Event "PRO League Group Stage"]
[Site "chess.com INT"]
[Date "2020.01.08"]
[Round "1"]
[White "Ipatov, Alexander"]
[Black "Roiz, Michael"]
[Result "1/2-1/2"]
[WhiteTitle "GM"]
[BlackTitle "GM"]
[WhiteElo "2631"]
[BlackElo "2598"]
[WhiteTeam "Turkey Knights"]
[BlackTeam "Israel Counsellors"]
[WhiteFideId "14116731"]
[BlackFideId "2804158"]
[EventDate "2020.01.06"]

1. Nf3 Nf6 2. g3 c5 3. c4 d5 4. cxd5 Nxd5 5. Nc3 Nc6 6. Bg2 Nxc3 7. bxc3 e5 8.
O-O Be7 9. d3 O-O 10. Nd2 Qe8 11. Nc4 Be6 12. Ne3 Qd7 13. c4 Bh3 14. Rb1 Bxg2
15. Kxg2 Rae8 16. Nd5 f5 17. e4 Bd8 18. f3 Ba5 19. Be3 b6 20. Rb2 Rf7 21. Rbf2 1/2-1/2

[Event "PRO League Group Stage"]
[Site "chess.com INT"]
[Date "2020.01.08"]
[Round "1"]
[White "Yilmaz, Mustafa"]
[Black "Mikhalevski, Victor"]
[Result "1-0"]
[WhiteTitle "GM"]
[BlackTitle "GM"]
[WhiteElo "2607"]
[BlackElo "2571"]
[WhiteTeam "Turkey Knights"]
[BlackTeam "Israel Counsellors"]
[WhiteFideId "6302718"]
[BlackFideId "2801914"]
[EventDate "2020.01.06"]

1. Nf3 Nf6 2. c4 g6 3. Nc3 d5 4. cxd5 Nxd5 5. h4 Bg7 6. h5 Nc6 7. g3 Bg4 8. h6
Bf6 9. Bg2 O-O 10. Ne4 Bh8 11. d3 Nd4 12. Nxd4 Bxd4 13. Qb3 c6 14. e3 Bh8 15.
Bd2 a5 16. Rc1 Nb4 17. Bxb4 axb4 18. d4 Qa5 19. Nc5 Qxa2 20. Qxb4 b6 21. Qxb6
Rab8 22. Qa6 Qxb2 23. O-O Be2 24. Qxc6 Bxf1 25. Rxf1 Rbc8 26. Qe4 e6 27. Bh3
Rfe8 28. Rb1 Qa3 29. Rb7 Rxc5 30. dxc5 Qc1+ 31. Kh2 Qxc5 32. Qf4 Qf8 33. Bf1 Re7
34. Rb8 Re8 35. Rb7 Re7 36. Rb5 Rd7 37. Bc4 Bc3 38. Rb8 Rd8 39. Rb7 Rc8 40. Kg1
Rd8 41. Bxe6 fxe6 42. Qc7 Qe8 43. Qxh7+ Kf8 44. Rg7 Rd1+ 45. Kh2 Rh1+ 46. Kxh1
Qa8+ 47. Kh2 1-0

[Event "PRO League Group Stage"]
[Site "chess.com INT"]
[Date "2020.01.08"]
[Round "1"]
[White "Fridman, Daniel"]
[Black "Can, Emre"]
[Result "1/2-1/2"]
[WhiteTitle "GM"]
[BlackTitle "GM"]
[WhiteElo "2622"]
[BlackElo "2600"]
[WhiteTeam "Israel Counsellors"]
[BlackTeam "Turkey Knights"]
[WhiteFideId "11600454"]
[BlackFideId "6302181"]
[EventDate "2020.01.06"]

1. d4 g6 2. Nf3 Bg7 3. g3 d6 4. Bg2 Nd7 5. O-O e5 6. c4 Ne7 7. Nc3 O-O 8. Rb1
Nc6 9. d5 Ne7 10. e4 a5 11. a3 Nb6 12. Qe2 c5 13. b4 axb4 14. axb4 cxb4 15. Rxb4
Nd7 16. Na4 h6 17. Be3 f5 18. Nb6 Ra6 19. Rfb1 f4 20. Nxc8 Qxc8 21. Bb6 Nxb6 22.
Rxb6 Rxb6 23. Rxb6 g5 24. Qd3 g4 25. Nh4 Qc7 26. Qb3 Rb8 27. Bf1 Bf6 28. Ng2 Bg5
29. Rb5 Kg7 30. f3 h5 31. gxf4 exf4 32. Qb2+ Bf6 33. Qd2 Ng6 34. Nxf4 Nxf4 35.
Qxf4 Rf8 36. e5 dxe5 37. Qe4 gxf3 38. d6 Qxd6 39. Rxb7+ Rf7 40. Rxf7+ Kxf7 41.
Qxf3 Qd4+ 42. Qf2 e4 1/2-1/2

[Event "PRO League Group Stage"]
[Site "chess.com INT"]
[Date "2020.01.08"]
[Round "1"]
[White "Postny, Evgeny"]
[Black "Solak, Dragan"]
[Result "1/2-1/2"]
[WhiteTitle "GM"]
[BlackTitle "GM"]
[WhiteElo "2608"]
[BlackElo "2594"]
[WhiteTeam "Israel Counsellors"]
[BlackTeam "Turkey Knights"]
[WhiteFideId "2804344"]
[BlackFideId "916811"]
[EventDate "2020.01.06"]

1. d4 d5 2. c4 c6 3. Nc3 Nf6 4. e3 g6 5. Nf3 Bg7 6. Be2 O-O 7. O-O Qb6 8. a4 a5
9. b3 Bg4 10. Ba3 Re8 11. cxd5 Nxd5 12. Nxd5 cxd5 13. h3 Bxf3 14. Bxf3 e6 15.
Be2 Bf8 16. Bb5 Nc6 17. Bxf8 Rxf8 18. Rc1 Rac8 19. Bxc6 Rxc6 20. Rxc6 bxc6 21.
Qc2 Rb8 22. Rc1 Qxb3 23. Qxc6 Qd3 24. Kh2 Rb2 25. Qd6 Rxf2 26. Rc8+ Kg7 27. Qf8+
Kf6 28. Qh8+ Kg5 29. Qe5+ Kh6 30. Rg8 Rxg2+ 31. Kxg2 Qe2+ 32. Kg1 Qe1+ 33. Kg2
Qe2+ 34. Kg3 Qe1+ 35. Kf3 Qd1+ 36. Kf2 Qd2+ 37. Kg3 Qe1+ 38. Kf3 Qd1+ 39. Kf4
Qf1+ 40. Kg3 Qe1+ 1/2-1/2

[Event "PRO League Group Stage"]
[Site "chess.com INT"]
[Date "2020.01.08"]
[Round "1"]
[White "Martirosyan, Haik M."]
[Black "Navara, David"]
[Result "0-1"]
[WhiteTitle "GM"]
[BlackTitle "GM"]
[WhiteElo "2613"]
[BlackElo "2717"]
[WhiteTeam "Armenia Eagles"]
[BlackTeam "Hungary Hunters"]
[WhiteFideId "13306553"]
[BlackFideId "309095"]
[EventDate "2020.01.06"]

1. e4 c5 2. Nf3 e6 3. g3 Nc6 4. Bg2 Nf6 5. Qe2 e5 6. O-O Be7 7. d3 O-O 8. Bg5 d6
9. Bxf6 Bxf6 10. Nc3 Be6 11. Nd2 Nd4 12. Qd1 Qd7 13. Nd5 Bxd5 14. exd5 Nb5 15.
a4 Nc7 16. c3 g6 17. Nc4 Bg7 18. Qb3 b6 19. Rae1 Rfe8 20. Re2 Rab8 21. Qc2 h5
22. h4 Kh7 23. Rfe1 Re7 24. d4 cxd4 25. cxd4 e4 26. Bxe4 Rbe8 27. Qd3 f5 28. Bf3
Rxe2 29. Rxe2 Rxe2 30. Qxe2 Bxd4 31. b3 Kg7 32. Qd2 Bf6 33. Qb4 Be7 34. Kg2 Na6
35. Qc3+ Bf6 36. Qe3 Nc5 37. Bd1 Qf7 38. Bf3 Qe7 39. Qf4 Nd3 40. Qxd6 Ne1+ 41.
Kf1 Qxd6 42. Nxd6 Nxf3 43. Nc8 Nd2+ 44. Ke2 Nxb3 45. Nxa7 Nc5 46. Nc8 Nxa4 47.
Kd3 b5 48. Nd6 Nc5+ 49. Kc2 b4 0-1

[Event "PRO League Group Stage"]
[Site "chess.com INT"]
[Date "2020.01.08"]
[Round "1"]
[White "Andriasian, Zaven"]
[Black "Gledura, Benjamin"]
[Result "1-0"]
[WhiteTitle "GM"]
[BlackTitle "GM"]
[WhiteElo "2611"]
[BlackElo "2626"]
[WhiteTeam "Armenia Eagles"]
[BlackTeam "Hungary Hunters"]
[WhiteFideId "13302000"]
[BlackFideId "712779"]
[EventDate "2020.01.06"]

1. Nf3 Nf6 2. g3 g6 3. Bg2 Bg7 4. O-O c5 5. c4 Nc6 6. Nc3 O-O 7. d3 d5 8. cxd5
Nxd5 9. Bd2 Nc7 10. Rc1 b6 11. a3 Bb7 12. h4 Qd7 13. h5 Ne6 14. Qa4 Rad8 15. Qh4
Ncd4 16. Nxd4 Nxd4 17. Bg5 f6 18. Be3 g5 19. Qh1 Bxg2 20. Qxg2 Nb3 21. Rcd1 h6
22. f4 e6 23. g4 f5 24. fxg5 Bd4 25. Bf2 hxg5 26. gxf5 Rxf5 27. e3 Bg7 28. Ne4
Qd5 29. Bg3 c4 30. h6 Bh8 31. dxc4 Qxd1 32. Rxd1 Rxd1+ 33. Kh2 g4 34. Qc2 Rh5+
35. Kg2 Rhh1 36. Qxb3 Rdg1+ 37. Kf2 Rb1 38. Nc3 Rbf1+ 39. Ke2 Rfg1 40. c5 Rg2+
41. Kd3 Rxg3 42. Qxe6+ Kh7 43. Qe4+ Kxh6 44. Qxh1+ 1-0

[Event "PRO League Group Stage"]
[Site "chess.com INT"]
[Date "2020.01.08"]
[Round "1"]
[White "Prohaszka, Peter2"]
[Black "Sargsyan, Shant"]
[Result "0-1"]
[WhiteTitle "GM"]
[BlackTitle "GM"]
[WhiteElo "2587"]
[BlackElo "2601"]
[WhiteTeam "Hungary Hunters"]
[BlackTeam "Armenia Eagles"]
[WhiteFideId "726265"]
[BlackFideId "13306766"]
[EventDate "2020.01.06"]

1. d4 Nf6 2. c4 g6 3. Nc3 d5 4. Nf3 Bg7 5. h4 dxc4 6. e4 c5 7. d5 b5 8. h5 Nxh5
9. Nxb5 Qa5+ 10. Nc3 Nd7 11. Qc2 Ba6 12. Bd2 Rb8 13. g4 Nf4 14. Nd1 Qc7 15. Bxc4
Bxc4 16. Qxc4 O-O 17. Kf1 e6 18. Rc1 Rfd8 19. b4 exd5 20. exd5 Nxd5 21. bxc5 Qc6
22. Rh3 Rb5 23. Nd4 Bxd4 24. Qxd4 Rxc5 25. Bh6 Qf6 26. Qxf6 N5xf6 27. Rd3 Rxc1
28. Bxc1 Nxg4 29. Bb2 f6 30. f4 Kf7 31. Nc3 Ke8 32. Nb5 Rb8 33. Nd6+ Ke7 34. Ba3
Ke6 35. Ke2 Rb1 36. Kf3 Nde5+ 37. fxe5 Nxe5+ 38. Ke4 Nxd3 39. Kxd3 Rd1+ 0-1

[Event "PRO League Group Stage"]
[Site "chess.com INT"]
[Date "2020.01.08"]
[Round "1"]
[White "Antal, Gergely"]
[Black "Petrosian, Tigran L."]
[Result "1/2-1/2"]
[WhiteTitle "GM"]
[BlackTitle "GM"]
[WhiteElo "2563"]
[BlackElo "2601"]
[WhiteTeam "Hungary Hunters"]
[BlackTeam "Armenia Eagles"]
[WhiteFideId "717312"]
[BlackFideId "13301616"]
[EventDate "2020.01.06"]

1. e4 g6 2. d4 Bg7 3. Nc3 a6 4. h4 h5 5. a4 d6 6. Bc4 Nc6 7. Be3 Nf6 8. f3 e5 9.
Nge2 Bd7 10. Qd2 O-O 11. Bg5 Nxd4 12. Nxd4 exd4 13. Qxd4 Nh7 14. Qxg7+ Kxg7 15.
Bxd8 Raxd8 16. O-O-O Nf6 17. a5 Bc6 18. Nd5 Bxd5 19. Bxd5 Nxd5 20. Rxd5 Rde8 21.
Rhd1 f5 22. exf5 Rxf5 23. Rxf5 gxf5 24. b4 Kf6 25. Kd2 f4 26. Rg1 Rg8 27. Kd3
Kf5 28. Kd4 c6 29. c3 Rg6 30. c4 Rg7 31. b5 Re7 32. bxc6 bxc6 33. g4+ fxg3 34.
Rxg3 Kf4 35. Rg6 Re5 36. Rxd6 c5+ 37. Kd3 Re3+ 38. Kd2 Rxf3 39. Rxa6 Ke5 40. Ra8
Kd4 41. a6 Rf2+ 42. Ke1 Ra2 43. a7 Kxc4 44. Kd1 Kc3 45. Rc8 Rxa7 46. Rxc5+ Kd3
47. Rd5+ Ke4 48. Rxh5 Kf4 49. Rh8 Kg4 50. h5 1/2-1/2

[Event "PRO League Group Stage"]
[Site "chess.com INT"]
[Date "2020.01.08"]
[Round "1"]
[White "Sethuraman, S.P."]
[Black "Le, Tuan Minh"]
[Result "0-1"]
[WhiteTitle "GM"]
[BlackTitle "IM"]
[WhiteElo "2638"]
[BlackElo "2501"]
[WhiteTeam "India Yogis"]
[BlackTeam "Croatia Bulldogs"]
[WhiteFideId "5021596"]
[BlackFideId "12401153"]
[EventDate "2020.01.06"]

1. e4 c5 2. Nf3 d6 3. d4 cxd4 4. Nxd4 Nf6 5. Nc3 g6 6. Be3 Bg7 7. f3 Nc6 8. Qd2
O-O 9. Bc4 Bd7 10. g4 Ne5 11. Be2 Rc8 12. O-O-O Qa5 13. Kb1 Rxc3 14. Qxc3 Qxc3
15. bxc3 Rc8 16. Nb3 Nexg4 17. fxg4 Nxe4 18. Bd4 Bxd4 19. cxd4 Nc3+ 20. Kb2 Nxe2
21. Rhe1 Nc3 22. Rd3 Na4+ 23. Kc1 Kf8 24. h3 Nb6 25. Rf3 Bc6 26. Rf2 Bd5 27. Re3
f6 28. Nd2 Rc7 29. a3 Kf7 30. Rfe2 Na4 31. Rf2 b5 32. Ne4 Bxe4 33. Rxe4 Nc3 34.
Re3 Nd5 35. Rd3 a6 36. Kd2 Rc4 37. Kc1 Nc3 38. Kb2 Ne4 39. Re2 d5 40. c3 Ke6 41.
Rde3 Kd6 42. Rf3 Rc8 43. Rfe3 e6 44. Rf3 f5 45. gxf5 exf5 46. h4 Ke6 47. Rg2 Kf6
48. Rh3 h6 49. Re2 f4 50. Rg2 Kf5 51. Rc2 Kg4 52. Rh1 Rf8 53. Rg1+ Ng3 54. Re2
Rf6 55. Rf2 Kxh4 56. Kc2 Kg4 57. Kd3 h5 58. Re2 h4 0-1

[Event "PRO League Group Stage"]
[Site "chess.com INT"]
[Date "2020.01.08"]
[Round "1"]
[White "Adhiban, Baskaran"]
[Black "Livaic, Leon"]
[Result "1-0"]
[WhiteTitle "GM"]
[BlackTitle "IM"]
[WhiteElo "2654"]
[BlackElo "2495"]
[WhiteTeam "India Yogis"]
[BlackTeam "Croatia Bulldogs"]
[WhiteFideId "5018471"]
[BlackFideId "14531534"]
[EventDate "2020.01.06"]

1. Nf3 Nf6 2. c4 b6 3. g3 Bb7 4. Bg2 c5 5. O-O g6 6. d4 cxd4 7. Qxd4 Bg7 8. Nc3
d6 9. b3 Nbd7 10. Bb2 O-O 11. Rfd1 Ne4 12. Qe3 Nxc3 13. Bxc3 Bxc3 14. Qxc3 Nf6
15. Rd4 Rc8 16. Qe3 Rc5 17. Rad1 Qd7 18. Rh4 Rh5 19. Rxh5 Nxh5 20. Nd4 Bxg2 21.
Kxg2 Nf6 22. Qf3 Rc8 23. a4 a6 24. e4 Rc5 25. Ne2 Kg7 26. Nc3 e6 27. Qd3 Ne8 28.
h4 h5 29. Kg1 Qb7 30. Qd4+ Kg8 31. Qe3 Kg7 32. Rd4 Qc7 33. Qd2 Qb7 34. Qd3 Rc8
35. Qe3 Qc7 36. Rd3 Qc5 37. Qf4 Qb4 38. Rf3 Rc7 39. e5 Rd7 40. Ne4 dxe5 41.
Qxe5+ Kg8 42. Kg2 Qe7 43. b4 Qd8 44. c5 Rd5 45. Qc3 bxc5 46. Nxc5 Qa8 47. Ne4
Rf5 48. Qe3 Qb7 49. Kh2 Rxf3 50. Qxf3 Qxb4 51. Ng5 Qe7 52. Qc6 Nf6 53. Qxa6 Ng4+
54. Kg2 Qc5 55. Qa8+ Kg7 56. Qf3 Qa7 57. a5 Kg8 58. a6 f6 59. Nxe6 Qxa6 60. Qd5
Kh8 61. Qd8+ Kh7 62. Qe7+ 1-0

[Event "PRO League Group Stage"]
[Site "chess.com INT"]
[Date "2020.01.08"]
[Round "1"]
[White "Plenca, Jadranko"]
[Black "Praggnanandhaa, R"]
[Result "1/2-1/2"]
[WhiteTitle "IM"]
[BlackTitle "GM"]
[WhiteElo "2463"]
[BlackElo "2602"]
[WhiteTeam "Croatia Bulldogs"]
[BlackTeam "India Yogis"]
[WhiteFideId "14527146"]
[BlackFideId "25059530"]
[EventDate "2020.01.06"]

1. e4 e5 2. Nf3 Nc6 3. Bb5 a6 4. Ba4 d6 5. O-O Bd7 6. d4 Nf6 7. dxe5 Nxe5 8.
Bxd7+ Qxd7 9. Nc3 Be7 10. Nd4 d5 11. exd5 Nxd5 12. Nxd5 Qxd5 13. Nf5 Qxd1 14.
Rxd1 Bf6 15. Bf4 O-O 16. Ne7+ Kh8 17. Nd5 Rad8 18. Nxf6 gxf6 19. Kf1 Kg7 20. b3
Kg6 21. h3 h5 22. Be3 Nc6 23. c3 Rxd1+ 24. Rxd1 Rd8 25. Re1 Kf5 26. Ke2 Ne5 27.
Rg1 Rg8 28. g3 Rd8 29. f3 Ng6 30. Re1 Ne5 31. Rg1 Ng6 32. Re1 Ne5 33. Rg1 1/2-1/2

[Event "PRO League Group Stage"]
[Site "chess.com INT"]
[Date "2020.01.08"]
[Round "1"]
[White "Tica, Sven"]
[Black "Aravindh, Chithambaram VR."]
[Result "1/2-1/2"]
[WhiteTitle "IM"]
[BlackTitle "GM"]
[WhiteElo "2398"]
[BlackElo "2630"]
[WhiteTeam "Croatia Bulldogs"]
[BlackTeam "India Yogis"]
[WhiteFideId "14526948"]
[BlackFideId "5072786"]
[EventDate "2020.01.06"]

1. d4 Nf6 2. Nf3 d5 3. c4 e6 4. g3 dxc4 5. Qa4+ c6 6. Qxc4 b5 7. Qc2 Bb7 8. Bg2
Nbd7 9. O-O c5 10. dxc5 Bxc5 11. Nc3 Rc8 12. a3 O-O 13. Bf4 Qb6 14. Rac1 h6 15.
h3 Rfe8 16. b4 Bxf2+ 17. Rxf2 e5 18. Nxe5 Nxe5 19. Bxb7 Qxb7 20. Qf5 Ng6 21.
Qxb5 Qe7 22. Nd5 Nxd5 23. Rxc8 Rxc8 24. Qxd5 Rc3 25. Rf3 Rc2 26. Re3 Qf6 27. Qd3
Ra2 28. h4 h5 29. Re8+ Kh7 30. Re5 Kg8 31. Re8+ Kh7 32. Re5 Kg8 33. Rxh5 Nxf4
34. gxf4 g6 35. Rd5 Qxf4 36. Rd8+ Kh7 37. Qf3 Qxf3 38. exf3 Rxa3 39. Kg2 Ra4 40.
Rd7 Kg7 41. Rb7 a5 42. bxa5 Rxa5 43. Kg3 Ra4 44. Rb5 Ra6 45. Rc5 Re6 46. Rb5 Kf6
47. h5 gxh5 48. Rxh5 Kg6 1/2-1/2

[Event "PRO League Group Stage"]
[Site "chess.com INT"]
[Date "2020.01.08"]
[Round "1"]
[White "Postny, Evgeny"]
[Black "Ipatov, Alexander"]
[Result "1-0"]
[WhiteTitle "GM"]
[BlackTitle "GM"]
[WhiteElo "2608"]
[BlackElo "2631"]
[WhiteTeam "Israel Counsellors"]
[BlackTeam "Turkey Knights"]
[WhiteFideId "2804344"]
[BlackFideId "14116731"]
[EventDate "2020.01.06"]

1. d4 g6 2. e4 Bg7 3. c4 e6 4. Nc3 Ne7 5. Nf3 d5 6. cxd5 exd5 7. e5 h6 8. Be2 c6
9. O-O Nd7 10. Ne1 Nf8 11. Nc2 Ne6 12. Ne3 Qb6 13. Nc2 Nf5 14. Na4 Qd8 15. Bg4
h5 16. Bxf5 gxf5 17. Nc5 Qh4 18. Nxe6 fxe6 19. Ne1 Qg4 20. f3 Qg6 21. Nd3 h4 22.
Nf4 Qf7 23. b3 b6 24. Ba3 Ba6 25. Re1 Bh6 26. Nh3 O-O-O 27. Bc1 Bf8 28. Bg5 Re8
29. Bf6 Rg8 30. Qc2 Kb7 31. Rac1 Rc8 32. Ng5 Qe8 33. Qf2 Ba3 34. Rcd1 c5 35.
Qxh4 cxd4 36. Rxd4 Bc5 37. Kh1 Bxd4 38. Qxd4 Rc2 39. Qb4 Ka8 40. Qd6 Rc6 41. Qa3
Kb7 42. Qb4 Qd7 43. Qd4 Rc2 44. h4 Qe8 45. Kh2 Ka8 46. a4 Kb7 47. Kh3 Qg6 48.
Qb4 Qe8 49. Qf4 Rc3 50. Qb4 Rc2 51. Qd4 Rc6 52. Qd2 Qh5 53. Nxe6 f4 54. Nxf4
Qf5+ 55. g4 Qh7 56. Qxd5 Rc8 57. Rc1 Qh6 58. Rxc6 Rxc6 59. Qe4 Kc7 60. Nd5+ Kd7
61. Bg5 Qg7 62. Qf5+ Ke8 63. Nf6+ 1-0

[Event "PRO League Group Stage"]
[Site "chess.com INT"]
[Date "2020.01.08"]
[Round "1"]
[White "Fridman, Daniel"]
[Black "Yilmaz, Mustafa"]
[Result "1/2-1/2"]
[WhiteTitle "GM"]
[BlackTitle "GM"]
[WhiteElo "2622"]
[BlackElo "2607"]
[WhiteTeam "Israel Counsellors"]
[BlackTeam "Turkey Knights"]
[WhiteFideId "11600454"]
[BlackFideId "6302718"]
[EventDate "2020.01.06"]

1. d4 Nf6 2. Nf3 e6 3. c4 d5 4. g3 dxc4 5. Bg2 c5 6. O-O Nc6 7. dxc5 Qxd1 8.
Rxd1 Bxc5 9. Nfd2 Na5 10. Na3 Bxa3 11. bxa3 Bd7 12. Bb2 Rc8 13. Bc3 b6 14. Rdc1
Rc7 15. Bxa5 bxa5 16. Nxc4 Ke7 17. Nxa5 Rhc8 18. Nb3 Rc2 19. Bb7 R8c3 20. Ba6
Ba4 21. Rxc2 Rxc2 22. Bd3 Rb2 23. Nc5 Bc6 24. Na6 Be4 25. Bc4 Bd5 26. Rc1 Bxc4
27. Rxc4 Rxa2 28. Rc7+ Kf8 29. Rc8+ Ke7 30. Rc7+ Kf8 31. Rc8+ Ke7 32. Rc7+ 1/2-1/2

[Event "PRO League Group Stage"]
[Site "chess.com INT"]
[Date "2020.01.08"]
[Round "1"]
[White "Can, Emre"]
[Black "Mikhalevski, Victor"]
[Result "1-0"]
[WhiteTitle "GM"]
[BlackTitle "GM"]
[WhiteElo "2600"]
[BlackElo "2571"]
[WhiteTeam "Turkey Knights"]
[BlackTeam "Israel Counsellors"]
[WhiteFideId "6302181"]
[BlackFideId "2801914"]
[EventDate "2020.01.06"]

1. e4 e5 2. Nf3 Nc6 3. Bc4 Bc5 4. O-O Nf6 5. d3 d6 6. c3 a6 7. a4 h6 8. Re1 O-O
9. h3 Ba7 10. Nbd2 Re8 11. Nf1 Be6 12. Ng3 d5 13. exd5 Bxd5 14. Bxd5 Qxd5 15.
Be3 Bxe3 16. Rxe3 Qd8 17. Qb3 Qd5 18. Qc2 Re6 19. Rae1 Rae8 20. b4 g6 21. Ne4
Nxe4 22. dxe4 Qd8 23. Rd3 Rd6 24. Red1 Rxd3 25. Rxd3 Qe7 26. Qd2 Qe6 27. Qxh6
Qf6 28. b5 axb5 29. axb5 Rd8 30. Rxd8+ Nxd8 31. Qd2 Ne6 32. Qd5 Nf4 33. Qxb7 Qd6
34. Kh2 Ne2 35. Qd5 Qb6 36. Qxe5 Nc1 37. Nd4 Nd3 38. Qg3 Nc5 39. e5 Ne6 40. Nxe6
Qxe6 41. Qf4 Qd5 42. c4 Qc5 43. h4 Qb6 44. Kg3 Qe6 45. Qd4 Kg7 46. c5 Qb3+ 47.
f3 Qe6 48. b6 cxb6 49. cxb6 1-0

[Event "PRO League Group Stage"]
[Site "chess.com INT"]
[Date "2020.01.08"]
[Round "1"]
[White "Solak, Dragan"]
[Black "Roiz, Michael"]
[Result "1/2-1/2"]
[WhiteTitle "GM"]
[BlackTitle "GM"]
[WhiteElo "2594"]
[BlackElo "2598"]
[WhiteTeam "Turkey Knights"]
[BlackTeam "Israel Counsellors"]
[WhiteFideId "916811"]
[BlackFideId "2804158"]
[EventDate "2020.01.06"]

1. e4 e5 2. Nf3 Nc6 3. Bb5 Nf6 4. Bxc6 dxc6 5. Nc3 Bd6 6. d4 Bg4 7. dxe5 Bxf3 8.
Qxf3 Bxe5 9. Bf4 Qe7 10. Bxe5 Qxe5 11. Qg3 Qxg3 12. hxg3 O-O-O 13. f3 h5 14. Rd1
g6 15. Ke2 Nd7 16. Ke3 Ne5 17. b3 Rhe8 18. Rxd8+ Rxd8 19. Rd1 Rd6 20. Rd2 Kd7
21. Ne2 Ke7 22. Nf4 Nd7 23. Nd3 c5 24. Nf4 c6 25. Rxd6 Kxd6 26. Nd3 b5 27. c4
Nb6 28. Nb2 Ke6 29. a4 a6 30. f4 f6 31. Kf3 f5 32. e5 bxc4 33. bxc4 a5 34. Ke3
Kd7 35. Kd3 Na8 36. Ke3 Nc7 37. Nd3 Ne6 38. Nc1 Nd4 39. Nd3 Ne6 40. Kd2 Kc7 41.
Nc1 Kb7 42. Nd3 Kb6 43. Ne1 Kc7 44. Nf3 Kd7 45. Nh4 Nf8 46. Ke3 Kc7 47. Ke2 Kd7
48. Kd3 Kc7 49. Ke3 Kd7 50. Kd3 Kc7 51. Ke3 Kd7 52. Kd3 1/2-1/2

[Event "PRO League Group Stage"]
[Site "chess.com INT"]
[Date "2020.01.08"]
[Round "1"]
[White "Le, Tuan Minh"]
[Black "Adhiban, Baskaran"]
[Result "0-1"]
[WhiteTitle "IM"]
[BlackTitle "GM"]
[WhiteElo "2501"]
[BlackElo "2654"]
[WhiteTeam "Croatia Bulldogs"]
[BlackTeam "India Yogis"]
[WhiteFideId "12401153"]
[BlackFideId "5018471"]
[EventDate "2020.01.06"]

1. d4 g6 2. Nf3 Bg7 3. c4 d6 4. g3 Nf6 5. Bg2 O-O 6. O-O Nbd7 7. Nc3 e5 8. e4
exd4 9. Nxd4 Nc5 10. h3 Re8 11. Re1 Bd7 12. Bf4 a5 13. Qd2 a4 14. Rad1 Qc8 15.
Kh2 Ne6 16. Nxe6 Bxe6 17. e5 Nh5 18. exd6 Nxf4 19. Qxf4 cxd6 20. Nd5 Qc5 21. Rd2
h6 22. h4 Kh7 23. Rde2 Rac8 24. Nf6+ Bxf6 25. Qxf6 Qf5 26. Qd4 Rxc4 27. Qxd6 Qc5
28. Qd3 Qd4 29. Qf3 Rc7 30. Qa3 Rd8 31. b3 axb3 32. axb3 Qb6 33. Re3 Rd2 34. Kg1
Rcc2 35. h5 Rxf2 36. hxg6+ Kg7 37. Be4 Rfe2 38. Qa1+ f6 0-1

[Event "PRO League Group Stage"]
[Site "chess.com INT"]
[Date "2020.01.08"]
[Round "1"]
[White "Livaic, Leon"]
[Black "Sethuraman, S.P."]
[Result "1/2-1/2"]
[WhiteTitle "IM"]
[BlackTitle "GM"]
[WhiteElo "2495"]
[BlackElo "2638"]
[WhiteTeam "Croatia Bulldogs"]
[BlackTeam "India Yogis"]
[WhiteFideId "14531534"]
[BlackFideId "5021596"]
[EventDate "2020.01.06"]

1. e4 e5 2. f4 exf4 3. Nf3 d5 4. exd5 Nf6 5. Bc4 Nxd5 6. O-O Be7 7. d4 Be6 8.
Bxd5 Bxd5 9. Bxf4 O-O 10. Nc3 Bc4 11. Re1 c6 12. Ne4 Nd7 13. Bd6 Bxd6 14. Nxd6
Be6 15. c4 b6 16. b4 a5 17. a3 axb4 18. axb4 Rxa1 19. Qxa1 Qf6 20. Rf1 Qh6 21.
Qe1 Qg6 22. Qe3 h6 23. Nh4 Qc2 24. Nhf5 Bxf5 25. Nxf5 Qxc4 26. Qg3 g6 27. Nxh6+
Kh7 28. Qh4 Kg7 29. Nf5+ gxf5 30. Qg5+ Kh8 31. Qh6+ Kg8 32. Qg5+ Kh8 33. Qh4+
Kg7 34. Qg5+ Kh8 1/2-1/2